| 000 | 00638nam a2200193Ia 4500 | ||
|---|---|---|---|
| 999 |
_c7769 _d7769 |
||
| 020 | _a9788173049156 | ||
| 082 | _a320.954 NEW- | ||
| 245 | 0 | _aNew states for a new India: federalism and decentralization in the states of Jharkhand and Chhattisgarh | |
| 260 |
_aNew Delhi _bManohar Publishers _c2011 |
||
| 300 | _a252 | ||
| 650 |
_aSocial change _zIndia _zJharkhand |
||
| 650 |
_aSocial change _zIndia _zChattisgarh |
||
| 650 |
_aFederal government _zIndia _zChattisgarh |
||
| 650 |
_aFederal government _zIndia _zJharkhand |
||
| 650 |
_aIndia _vPolitics and government |
||
| 700 | _aKumar, Girish | ||
| 700 | _aBerthet, Samuel | ||
| 942 | _cBK | ||